000 00551nmm a2200181Ia 4500
008 251105s9999||||xx |||||||||||||||||und||
020 _a9788492616121
041 _aspa
100 _aMartin Escribà, Álex
245 0 _aGeografías en negro: Escenarios del género criminal
264 _a[Madrid, España] :
_bMontesinos,
_c2017
300 _a304 páginas
650 _aLiterature, Theory
700 _aMartin Escribà, Álex
700 1 _a Sánchez Zapatero, Javier
856 _uhttps://public.digitaliapublishing.com/a/60061
942 _cCF
999 _c68391
_d68391